A certain class of reaction-diffusion systems with feedback effects /

Spremljeno u:
Bibliografski detalji
Glavni autor: Yamada, Yoshio.
Format: Članak
Jezik:English
Teme:
Oznake: Dodaj oznaku
Bez oznaka, Budi prvi tko označuje ovaj zapis!
Thư viện lưu trữ: Thư viện Trường Đại học Đà Lạt
LEADER 00877nam a2200289 4500
001 DLU090093103
005 ##20091201
040 # # |a DLU  |b eng 
041 # # |a eng 
044 # # |a jp 
100 # # |a Yamada, Yoshio.  
245 # # |a A certain class of reaction-diffusion systems with feedback effects /  |c Yoshio Yamada. 
653 # # |a Diffusion equations 
653 # # |a Equilibrium state 
653 # # |a Neumann boundary condition 
653 # # |a Reaction-diffusion systems 
653 # # |a Stability 
773 # # |t Advances in Mathematical Sciences and Applications  |g Vol. 5, no. 2 (1995), p. 477-485 
920 # # |a Phòng Tạp chí -- Trung tâm Thông tin - Thư viện Trường Đại học Đà Lạt 
994 # # |a DLU 
900 # # |a True 
911 # # |a Trương Bảo Trâm Anh 
925 # # |a G 
926 # # |a A 
927 # # |a BB 
980 # # |a Thư viện Trường Đại học Đà Lạt